[Event "Server North American Class Ch, S04011"]
[Site "CCLA"]
[Date "2020.04.25"]
[Round "?"]
[White "Czeizinger, Thomas"]
[Black "Simonson, Jay"]
[Result "1/2-1/2"]
[WhiteElo "1244"]
[BlackElo "1285"]

1. d4 d5 2. c4 c6 3. cxd5 cxd5 4. Nc3 Nf6 5. Nf3 g6 6. e3 Bg7 7. Bb5+ Nbd7
8. Ne5 O-O 9. O-O Nxe5 10. dxe5 Ne4 11. Nxd5 Bxe5 12. Bc4 Be6 13. Qd3 Bf5 
14. f4 Bd6 15. Qd4 Bc5 16. Qe5 e6 17. Nc3 Bd6 18. Qd4 Bc5 19. Qxd8 Raxd8 
20. g4 Nxc3 21. bxc3 Bxg4 22. a4 Rd7 23. Re1 Rd1 24. Rxd1 Bxd1 25. Kf2 Rd8
26. Ba3 Rd2+ 27. Ke1 Rxh2 28. Kxd1 Bxe3 29. Bf1 Bxf4 30. c4 Be5 31. Rb1 b6
32. a5 Bc7 33. c5 bxc5 34. a6 Bb6 35. Rxb6 Ra2 36. Rb8+ Kg7 37. Rb3 c4 38.
 Bxc4 Ra1+ 39. Kc2 Ra2+ 40. Kc3 h5 41. Kd4 Kf6 42. Kc5 g5 43. Kb4 Rd2 
1/2-1/2

[Event "Server NA Class D Champ. Rd 1, S04021"]
[Site "CCLA"]
[Date "2020.04.25"]
[Round "?"]
[White "Harris, Jarrod"]
[Black "DeMelo, Christopher C."]
[Result "1-0"]
[WhiteElo "1443"]
[BlackElo "1267"]

1. Nf3 d5 2. d4 Nf6 3. e3 e6 4. Bd3 Nc6 5. c3 Bd6 6. O-O O-O 7. Nbd2 Re8 
8. Re1 e5 9. dxe5 Nxe5 10. Nxe5 Bxe5 11. Nf3 Bg4 12. Be2 a6 13. Nxe5 Bxe2 
14. Nxf7 Kxf7 15. Rxe2 c6 16. Qc2 Kg8 17. c4 b5 18. cxb5 cxb5 19. b3 Rc8 
20. Qd2 a5 21. Bb2 b4 22. Bxf6 Qxf6 23. Qxd5+ Kh8 24. Ree1 Ra8 25. Qd4 
Qxd4 26. exd4 h6 27. Rxe8+ Rxe8 28. Kf1 Rd8 29. Rd1 Kg8 30. d5 Kf7 31. Ke2
g5 32. g4 Kf6 33. d6 Ke6 34. Ke3 Ke5 35. Rd4 Rxd6 36. Rxd6 Kxd6 37. Ke4 
Ke6 38. f4 gxf4 39. Kxf4 Kf6 40. h4 Kg6 41. Ke5 Kf7 42. g5 hxg5 43. hxg5 
Ke7 44. g6 Kf8 45. Kf6 1-0

[Event "Server NA Class D Champ. Rd 1, S04021"]
[Site "CCLA"]
[Date "2020.04.25"]
[Round "?"]
[White "Harris, Jarrod"]
[Black "Malone, Steve"]
[Result "1-0"]
[WhiteElo "1443"]
[BlackElo "1192"]

1. d4 d5 2. Nf3 e6 3. e3 Bd6 4. Bd3 Ne7 5. O-O O-O 6. c3 b6 7. Nbd2 a5 8. 
Re1 f5 9. c4 c6 10. Qc2 Na6 11. a3 dxc4 12. Nxc4 Bc7 13. e4 b5 14. Nce5 
Bxe5 15. Nxe5 b4 16. Nxc6 Nxc6 17. Qxc6 Bd7 18. Qc2 Qe7 19. Qe2 Nc7 20. 
exf5 Rac8 21. fxe6 Bxe6 22. d5 Nxd5 23. Qxe6+ Qxe6 24. Rxe6 Rce8 25. Bc4 
Rd8 26. Re5 Kh8 27. Bxd5 Rfe8 28. Rxe8+ Rxe8 29. Be3 1-0

[Event "Server NA Class D Champ. Rd 1, S04021"]
[Site "CCLA"]
[Date "2020.04.25"]
[Round "?"]
[White "DeMelo, Christopher C."]
[Black "Harris, Jarrod"]
[Result "0-1"]
[WhiteElo "1267"]
[BlackElo "1443"]

1. Nf3 Nf6 2. d4 d6 3. Nc3 g6 4. e4 Bg7 5. Be2 O-O 6. O-O Nbd7 7. h3 c6 8.
 Re1 a6 9. a4 Qc7 10. Be3 b5 11. axb5 cxb5 12. Bd3 Bb7 13. d5 Nc5 14. Bd4 
Nxd3 15. Qxd3 Rac8 16. e5 dxe5 17. Bxe5 Qc4 18. Qxc4 Rxc4 19. b3 Rcc8 20. 
Rad1 b4 21. Bxf6 Bxf6 22. Ne4 Bg7 23. Re2 Rfd8 24. Red2 a5 25. Ng3 Rc5 26.
 d6 Rxd6 27. Rxd6 exd6 28. Rxd6 Bxf3 29. Rd8+ Bf8 30. gxf3 Rxc2 31. Ra8 
Rc3 32. Rxa5 Rxf3 33. Kf1 Rxb3 34. Ke2 Bd6 35. Ne4 Bf8 36. Nf6+ Kg7 37. 
Ne8+ Kh8 38. h4 Ra3 39. Rb5 b3 40. Kd2 Ra2+ 41. Kc3 Rxf2 42. Kxb3 Rh2 43. 
Nf6 Rxh4 44. Rb8 Kg7 45. Ne8+ Kh6 46. Kc3 Re4 47. Kd3 Re6 48. Nc7 Bd6 49. 
Rb7 Bxc7 50. Rxc7 f5 0-1

[Event "Server NA Class D Champ. Rd 1, S04021"]
[Site "CCLA"]
[Date "2020.04.25"]
[Round "?"]
[White "DeMelo, Christopher C."]
[Black "Malone, Steve"]
[Result "1/2-1/2"]
[WhiteElo "1267"]
[BlackElo "1192"]

1. e4 e6 2. Nc3 c6 3. d4 d5 4. Nf3 dxe4 5. Nxe4 Bd6 6. Nxd6+ Qxd6 7. Be3 
Nf6 8. Bd3 Nbd7 9. c3 O-O 10. O-O b6 11. h3 Bb7 12. Re1 Nh5 13. Bxh7+ Kh8 
14. Bd3 Rae8 15. Ng5 g6 16. Qc2 c5 17. Be4 Bxe4 18. Nxe4 Qc6 19. Rad1 Ndf6
20. Nxf6 Nxf6 21. Bg5 Nd5 22. Qe4 c4 23. Qh4+ Kg8 24. Rd2 f6 25. Qh6 fxg5 
26. Qxg6+ Kh8 27. Qh6+ Kg8 28. Qg6+ Kh8 29. Qh6+ 1/2-1/2

[Event "Server NA Class D Champ. Rd 1, S04021"]
[Site "CCLA"]
[Date "2020.04.25"]
[Round "?"]
[White "Malone, Steve"]
[Black "Harris, Jarrod"]
[Result "0-1"]
[WhiteElo "1192"]
[BlackElo "1443"]

1. d4 g6 2. Nf3 Nf6 3. e3 d6 4. h3 Bg7 5. b3 c6 6. Bb2 O-O 7. Be2 Nbd7 8. 
Nbd2 Qc7 9. O-O a6 10. Rc1 b5 11. e4 c5 12. h4 Bb7 13. d5 Rfe8 14. Bxf6 
Nxf6 15. c4 b4 16. Ng5 h6 17. Ngf3 e6 18. e5 dxe5 19. Re1 exd5 20. cxd5 
Nxd5 21. h5 Nc3 22. Qc2 Nxe2+ 23. Rxe2 g5 24. Qxc5 Qxc5 25. Rxc5 e4 26. 
Rc7 exf3 27. Rxe8+ Rxe8 28. Rxb7 Re1+ 29. Kh2 fxg2 30. Nf3 Re2 31. Kxg2 a5
32. Rb8+ Kh7 33. Rd8 Rxa2 34. Nd2 a4 35. bxa4 Rxa4 36. Rb8 Bc3 37. Nb3 Ra3
38. Nc5 Ra2 39. Nd3 Rd2 40. Nxb4 Bxb4 41. Rxb4 Kg7 42. Kg3 Rd1 43. Rg4 Rh1
0-1

[Event "Server NA Class D Champ. Rd 1, S04021"]
[Site "CCLA"]
[Date "2020.04.25"]
[Round "?"]
[White "Malone, Steve"]
[Black "DeMelo, Christopher C."]
[Result "1-0"]
[WhiteElo "1192"]
[BlackElo "1267"]

1. d4 Nf6 2. Nf3 d5 3. e3 e6 4. b3 Be7 5. Bb2 O-O 6. Bd3 Nc6 7. O-O h6 8. 
a3 a6 9. Re1 Bd7 10. Nbd2 Re8 11. c4 b6 12. Rb1 Bd6 13. cxd5 exd5 14. Rc1 
Ne7 15. e4 dxe4 16. Nxe4 Ned5 17. Nxd6 cxd6 18. Rxe8+ Qxe8 19. Rc2 b5 20. 
Re2 Qd8 21. b4 Nf4 22. Rc2 Be6 23. Qd2 Nxd3 24. Qxd3 Bd5 25. Bc1 Be4 26. 
Qd2 Bxc2 27. Qxc2 Rc8 28. Qb1 Qc7 29. Bf4 Qc6 30. h3 Nh5 31. Be3 Nf6 32. 
Nh4 Nd5 33. Bd2 Nc3 34. Qd3 Nd5 35. Nf5 Re8 36. Qg3 g6 37. Nxh6+ Kf8 38. 
Qf3 Qb7 39. Bg5 Re1+ 40. Kh2 f5 41. Ng4 Kf7 42. Nh6+ Ke6 43. Bd2 Re4 44. 
Qd3 Qb6 45. Qg3 Ne7 46. Be3 Qc6 47. Ng8 Qe8 48. Nh6 Kd5 49. Qf3 Qd7 50. 
Nf7 Kc4 51. Ng5 Rh4 52. Qe2+ Kd5 53. Nf3 Rh5 54. Bg5 Nc6 55. Qa2+ Ke4 56. 
Nd2+ Kxd4 57. Bf6+ Ne5 58. f4 Ke3 59. fxe5 dxe5 60. Bxe5 f4 61. Qc2 Qd5 
62. Nf1# 1-0

[Event "Advanced Chess, Server Quad X20001"]
[Site "CCLA"]
[Date "2020.10.24"]
[Round "?"]
[White "Kaplan, Susie"]
[Black "Moujan, Pablo"]
[Result "1-0"]
[WhiteElo "2064"]
[BlackElo "1988"]

1. c4 c5 2. Nf3 Nf6 3. Nc3 e6 4. e4 Nc6 5. d4 cxd4 6. Nxd4 Bc5 7. Nc2 Qb6 
8. Qd2 Ng4 9. f3 Nf2 10. Na4 Qc7 11. Nxc5 Nxh1 12. f4 O-O 13. Be2 d5 14. 
Kf1 dxc4 15. e5 b6 16. Ne4 Bb7 17. Bf3 Rad8 18. Qe2 Ne7 19. Kg1 Qd7 20. 
Bg4 Bxe4 21. Qxe4 c3 22. b3 g6 23. Ba3 h5 24. Bf3 Rfe8 25. Kxh1 Nf5 26. 
Re1 Kg7 27. Bc1 Re7 28. Qc4 Qc7 29. Kg1 h4 30. Qxc7 Rxc7 31. Be4 b5 32. 
Kf2 Nh6 33. Kf3 Nf5 34. g4 hxg3 35. hxg3 Rd2 36. g4 Rxc2 37. gxf5 Rxa2 
38. fxe6 fxe6 39. Rg1 Ra1 40. Rxg6+ Kf8 41. Rg1 Rg7 42. Rh1 a5 43. Bd3 a4 
44. bxa4 bxa4 45. Bc4 Ke7 46. f5 exf5 47. Bd5 Kf8 48. Kf4 1-0

[Event "Advanced Chess, Server Quad X20001"]
[Site "CCLA"]
[Date "2020.10.24"]
[Round "?"]
[White "Kaplan, Susie"]
[Black "Disque, Philip"]
[Result "1-0"]
[WhiteElo "2064"]
[BlackElo "1925"]

1. c4 c5 2. Nf3 g6 3. e4 Nc6 4. d4 cxd4 5. Nxd4 Nf6 6. Nc3 d6 7. f3 Nxd4 
8. Qxd4 Bg7 9. Be3 O-O 10. Qd2 a5 11. a4 Be6 12. b3 Nd7 13. Bd3 Nc5 14. 
Bc2 Qb6 15. Rd1 Qb4 16. Ne2 Qxd2+ 17. Kxd2 Rfd8 18. Nc3 Bxc3+ 19. Kxc3 Kf8
20. f4 f6 21. f5 Bd7 22. fxg6 hxg6 23. e5 Bf5 24. exd6 b6 25. Bxf5 gxf5 
26. dxe7+ Kxe7 27. Bxc5+ bxc5 28. Rhe1+ Kf7 29. Rd5 Re8 30. Rxe8 Rxe8 31. 
Rxf5 Re3+ 32. Kc2 Re2+ 33. Kd3 Rxg2 34. Rxc5 Rxh2 35. Rxa5 Rh3+ 36. Kc2 
Rh2+ 37. Kc3 Rh3+ 38. Kb4 Kg6 39. Ra8 f5 40. Rf8 Rh5 41. a5 Kg7 42. Rxf5 
Rxf5 43. a6 1-0

[Event "Advanced Chess, Server Quad X20001"]
[Site "CCLA"]
[Date "2020.10.24"]
[Round "?"]
[White "Kaplan, Susie"]
[Black "DiPietra, Ronald"]
[Result "1-0"]
[WhiteElo "2064"]
[BlackElo "2117"]

1. c4 g6 2. d4 Nf6 3. Nc3 d5 4. cxd5 Nxd5 5. e4 Nxc3 6. bxc3 Bg7 7. Bc4 c5
8. Ne2 Nc6 9. Be3 O-O 10. O-O Qc7 11. Rc1 b6 12. h4 Bb7 13. h5 Rad8 14. 
Bb5 Na5 15. f3 e5 16. Qe1 Bc6 17. Bd3 cxd4 18. cxd4 exd4 19. Bg5 Rde8 20. 
Qh4 Qd6 21. Kf2 Qa3 22. Rfd1 Re5 23. h6 Bh8 24. Bf6 Qd6 25. Bxe5 Bxe5 26. 
f4 Bf6 27. Qh3 Be7 28. Kg1 Qd8 29. e5 Ba4 30. Rf1 Nc6 31. a3 Kh8 32. Qg4 
Bc5 33. Ng3 Be7 34. Ne4 a6 35. Qg3 Qd5 36. Qf3 Na5 37. Rc7 Bd8 38. Rc8 Bb3
39. Rfc1 Qd7 40. R1c7 Qxc7 41. Rxc7 Bxc7 42. Ng5 Bb8 43. Qg4 Nc6 44. Qd7 
Nxe5 45. Qe7 Nd7 46. Qxd7 Bxf4 47. Qxd4+ f6 48. Qxf4 1-0

[Event "Advanced Chess, Server Quad X20001"]
[Site "CCLA"]
[Date "2020.10.24"]
[Round "?"]
[White "Moujan, Pablo"]
[Black "Kaplan, Susie"]
[Result "1/2-1/2"]
[WhiteElo "1988"]
[BlackElo "2064"]

1. e4 e5 2. Nf3 Nc6 3. Bc4 Bc5 4. c3 Nf6 5. d3 d6 6. O-O a5 7. Bg5 Ba7 8. 
Bh4 h6 9. Nbd2 O-O 10. Re1 g5 11. Bg3 Nh7 12. d4 g4 13. Nh4 exd4 14. Kh1 
dxc3 15. bxc3 Ne5 16. f4 Nxc4 17. Nxc4 Nf6 18. Qc2 Nh5 19. e5 dxe5 20. 
Rxe5 Ng7 21. f5 Qf6 22. Rae1 Nh5 23. Qe2 Nxg3+ 24. hxg3 b5 25. Nd2 Bb7 26.
 Kh2 h5 27. Qxb5 Bc6 28. Ne4 Bxe4 29. R5xe4 Rad8 30. Qc4 Rd6 31. Ng6 Rfd8 
32. Re8+ Rxe8 33. Rxe8+ Kg7 34. Qe2 Qxc3 35. Nf4 1/2-1/2

[Event "Advanced Chess, Server Quad X20001"]
[Site "CCLA"]
[Date "2020.10.24"]
[Round "?"]
[White "Moujan, Pablo"]
[Black "Disque, Philip"]
[Result "1-0"]
[WhiteElo "1988"]
[BlackElo "1925"]

1. e4 e6 2. d4 d5 3. e5 c5 4. c3 Nc6 5. Nf3 Bd7 6. Be2 f6 7. O-O fxe5 8. 
Nxe5 Nxe5 9. dxe5 Qc7 10. c4 Qxe5 11. Bf3 O-O-O 12. Re1 Qc7 13. cxd5 exd5 
14. Nc3 Nf6 15. Nxd5 Nxd5 16. Qxd5 Bc6 17. Qf5+ Qd7 18. Qxd7+ Bxd7 19. Bg5
Re8 20. Rxe8+ Bxe8 21. Rd1 Kc7 22. Bf4+ Kb6 23. Rd8 Be7 24. Rb8 Rf8 25. 
Rxb7+ Ka6 26. Rxe7 1-0

[Event "Advanced Chess, Server Quad X20001"]
[Site "CCLA"]
[Date "2020.10.24"]
[Round "?"]
[White "Moujan, Pablo"]
[Black "DiPietra, Ronald"]
[Result "1-0"]
[WhiteElo "1988"]
[BlackElo "2117"]

1. e4 e5 2. Nf3 Nc6 3. d4 exd4 4. Nxd4 Nf6 5. Nxc6 bxc6 6. e5 Qe7 7. Qe2 
Nd5 8. c4 Nb6 9. Nc3 Bb7 10. Bd2 g6 11. O-O-O Bg7 12. h4 O-O 13. h5 Qxe5 
14. Qg4 f5 15. Qh4 Rae8 16. Bf4 Qe7 17. Qxe7 Rxe7 18. Bxc7 Rfe8 19. c5 Nd5
20. Bd6 Re1 21. hxg6 Rxd1+ 22. Nxd1 hxg6 23. Rh3 Re1 24. Bd3 Bf6 25. Kd2 
Re8 26. g4 Bg5+ 27. Ne3 Nxe3 28. fxe3 fxg4 29. Rg3 Kf7 30. Bc4+ Kg7 31. b4
Kh6 32. Be2 Re4 33. a3 Bc8 34. Kd3 Ba6+ 35. Kxe4 Bxe2 36. Rg1 Bf3+ 37. Kd3
Kg7 38. Rf1 Kf6 39. Rf2 a6 40. Rh2 Kf5 41. Rh8 Be4+ 42. Kd2 Bd5 43. Re8 
Kf6 44. Kd3 Bg2 45. Rh8 Ke6 46. Re8+ Kf6 47. Rf8+ Ke6 48. e4 Bf6 49. a4 
Bf1+ 50. Ke3 Bc4 51. Kf4 Be2 52. Ra8 Bh4 53. Ke3 Bc4 54. Rh8 Bg5+ 55. Bf4 
Bf6 56. Rh6 Kf7 57. Rh7+ Ke8 58. e5 Be7 59. Kd4 Bb3 60. a5 g5 61. Be3 Ba4 
62. Bf2 Bb5 63. Bg3 Ba4 64. e6 dxe6 65. Ke5 Bb5 66. Kxe6 Bc4+ 67. Ke5 Bb5 
68. Bh2 Kd7 69. Kd4 Ke6 70. Ke4 Ba4 71. Rh6+ Kf7 72. Be5 Bc2+ 73. Ke3 Ba4 
74. Kf2 Bb5 75. Kg3 Bd8 76. Kxg4 Be2+ 77. Kg3 Bb5 78. Kf3 Be7 79. Kg4 Be2+
80. Kg3 Bb5 81. Bh8 Bd8 82. Kg4 Be7 83. Kf5 Bd3+ 84. Ke5 g4 85. Rxc6 g3 
86. Kd5 Be2 87. Ke4 Bf1 88. Kf3 g2 89. Bd4 Bd3 90. Bg1 Bc4 91. Ke4 Bd8 92.
 Rc8 Be7 93. c6 Ke6 94. c7 Kd7 95. Re8 Kxc7 96. Rxe7+ Kd6 97. Kd4 Bf1 98. 
Re1 Kd7 99. Re5 Kc7 100. Kc5 Kd7 101. Re1 Bb5 102. Re4 Bf1 103. Rh4 Ke6 
104. Kd4 Kd6 105. Rh7 Be2 106. Rh6+ Ke7 107. Kc5 Kd7 108. Kb6 Bb5 109. Bc5
Bc4 110. Kb7 Bf1 111. Rd6+ Ke7 112. Rxa6+ 1-0

[Event "Advanced Chess, Server Quad X20001"]
[Site "CCLA"]
[Date "2020.10.24"]
[Round "?"]
[White "Disque, Philip"]
[Black "Kaplan, Susie"]
[Result "0-1"]
[WhiteElo "1925"]
[BlackElo "2064"]

1. Nf3 d5 2. d4 Nf6 3. c4 e6 4. Nc3 c6 5. Bg5 h6 6. Bh4 dxc4 7. e4 g5 8. 
Bg3 b5 9. Be2 Bb7 10. h4 g4 11. Ne5 Nbd7 12. Bxg4 b4 13. Nxf7 Kxf7 14. Qf3
bxc3 15. bxc3 Rg8 16. Bxe6+ Kxe6 17. Qf5+ Ke7 18. O-O Qe8 19. Rfe1 Qg6 20.
 Rab1 Bc8 21. d5 cxd5 22. exd5+ Kf7 23. Qe6+ Kg7 24. Qc6 Bc5 25. Qxa8 Qxg3
26. Re7+ Kh8 27. d6 Qxf2+ 0-1

[Event "Advanced Chess, Server Quad X20001"]
[Site "CCLA"]
[Date "2020.10.24"]
[Round "?"]
[White "Disque, Philip"]
[Black "Moujan, Pablo"]
[Result "0-1"]
[WhiteElo "1925"]
[BlackElo "1988"]

1. Nf3 c5 2. c4 Nf6 3. Nc3 e6 4. g3 b6 5. Bg2 Bb7 6. O-O Be7 7. Re1 d5 8. 
cxd5 Nxd5 9. Nxd5 Qxd5 10. d4 cxd4 11. Qxd4 O-O 12. Bg5 Bxg5 13. Qxd5 Bxd5
14. Nxg5 Bxg2 15. Kxg2 Nc6 16. Rac1 Rac8 17. Red1 Ne5 18. b3 h6 19. Nf3 
Nxf3 20. Kxf3 Rfe8 21. Rxc8 Rxc8 22. Rd7 a5 23. Ke3 Rc2 24. a3 Rb2 25. Rd3
g5 26. g4 b5 27. Kd4 Rxe2 28. Kc5 Rxf2 29. Kxb5 Rxh2 30. Kxa5 h5 31. b4 
hxg4 32. b5 f5 33. Rb3 f4 34. b6 Kf7 35. b7 Rh8 36. Kb6 g3 0-1

[Event "Advanced Chess, Server Quad X20001"]
[Site "CCLA"]
[Date "2020.10.24"]
[Round "?"]
[White "Disque, Philip"]
[Black "DiPietra, Ronald"]
[Result "0-1"]
[WhiteElo "1925"]
[BlackElo "2117"]

1. Nf3 Nf6 2. c4 g6 3. Nc3 d5 4. Qa4+ Bd7 5. Qb3 dxc4 6. Qxc4 a6 7. d4 b5 
8. Qb3 c5 9. dxc5 Bg7 10. e4 Bc6 11. Ne5 O-O 12. Nxc6 Nxc6 13. Be2 Nd4 14.
 Qd1 b4 15. Na4 Nxe4 16. Bf3 Nxf3+ 17. Qxf3 Qa5 18. Qb3 Nxc5 19. Nxc5 Qxc5
20. O-O a5 21. Be3 Qb5 22. Rab1 a4 23. Qd1 Rfd8 24. Qf3 b3 25. a3 Rac8 26.
 Rfd1 Rxd1+ 27. Qxd1 Qf5 28. Rc1 Bxb2 29. Rxc8+ Qxc8 0-1

[Event "Advanced Chess, Server Quad X20001"]
[Site "CCLA"]
[Date "2020.10.24"]
[Round "?"]
[White "DiPietra, Ronald"]
[Black "Kaplan, Susie"]
[Result "1/2-1/2"]
[WhiteElo "2117"]
[BlackElo "2064"]

1. e4 e5 2. Nf3 Nc6 3. Bb5 Nf6 4. O-O Nxe4 5. Re1 Nd6 6. Nxe5 Be7 7. Bf1 
Nxe5 8. Rxe5 O-O 9. d4 Bf6 10. Re1 Re8 11. c3 Rxe1 12. Qxe1 Nf5 13. Bf4 d6
14. Bd3 g6 15. Nd2 Be6 16. Qe2 Ng7 17. Re1 Nh5 18. Be3 Bg5 19. Qf3 Bxe3 
20. fxe3 c6 21. Rf1 d5 22. Qf2 Qe7 23. e4 dxe4 24. Nxe4 Bd5 25. Nc5 b6 26.
 Re1 Qd8 27. Ne4 Kg7 28. Nd2 Qd6 29. Rf1 f5 30. c4 Bg8 31. Re1 Nf4 32. Bf1
Ne6 33. Nf3 Rd8 34. Rd1 Bf7 35. Rd2 Nf8 36. h3 h6 37. b3 Nh7 38. Rd1 Ng5 
39. Nxg5 hxg5 40. Be2 Qf6 41. a4 a5 42. Bf3 c5 43. d5 Be8 44. Qa2 Bd7 45. 
Qa1 Qxa1 46. Rxa1 g4 47. hxg4 fxg4 48. Be2 g3 49. Rd1 Re8 50. Kf1 Bf5 51. 
Bd3 Bg4 52. Re1 Rxe1+ 53. Kxe1 Kf7 54. Bc2 Kf6 55. Bd3 g5 56. Bc2 Ke5 57. 
Bg6 Bd7 58. Ke2 Bg4+ 59. Ke1 Bd7 1/2-1/2

[Event "Advanced Chess, Server Quad X20001"]
[Site "CCLA"]
[Date "2020.10.24"]
[Round "?"]
[White "DiPietra, Ronald"]
[Black "Moujan, Pablo"]
[Result "1/2-1/2"]
[WhiteElo "2117"]
[BlackElo "1988"]

1. e4 c5 2. Nf3 Nc6 3. Bb5 Nf6 4. Nc3 g6 5. O-O Bg7 6. e5 Ng4 7. Bxc6 dxc6
8. Re1 O-O 9. d3 Nh6 10. Ne4 b6 11. a4 Bg4 12. Bxh6 Bxh6 13. h3 Bxf3 14. 
Qxf3 f5 15. exf6 exf6 16. h4 Rc8 17. Qg3 f5 18. Ng5 Bxg5 19. hxg5 f4 20. 
Qh4 Rf5 21. f3 Qxg5 22. Qxg5 Rxg5 23. Re7 Rf8 24. Rae1 Rf7 25. Re8+ Kg7 
26. R1e6 Rgf5 27. Rxc6 R5f6 28. Rcc8 Rf8 29. Re7+ R6f7 30. Rxf8 Kxf8 31. 
Re6 Re7 32. Rf6+ Rf7 33. Rc6 Ke8 34. Rc8+ Kd7 35. Rh8 Re7 36. Kf1 Kd6 37. 
Rd8+ Ke5 38. Rg8 a5 39. Rb8 Re6 40. Rh8 h5 41. Rg8 Rd6 42. Ke2 Kf6 43. Rc8
Kf5 44. Rf8+ Ke5 45. c3 g5 46. Kd2 h4 47. Rg8 Kf6 1/2-1/2

[Event "Advanced Chess, Server Quad X20001"]
[Site "CCLA"]
[Date "2020.10.24"]
[Round "?"]
[White "DiPietra, Ronald"]
[Black "Disque, Philip"]
[Result "1-0"]
[WhiteElo "2117"]
[BlackElo "1925"]

1. e4 e6 2. d4 d5 3. Nd2 a6 4. Ngf3 c5 5. dxc5 Bxc5 6. Bd3 Nf6 7. O-O Nc6 
8. Qe2 Qc7 9. c4 dxc4 10. Nxc4 b5 11. Ncd2 Bb7 12. e5 Nd5 13. Nb3 Ba7 14. 
Bd2 Qb6 15. Rac1 Rc8 16. Be4 Qd8 17. Bxd5 Qxd5 18. Rfd1 O-O 19. Bg5 Nd4 
20. Nbxd4 Bxd4 21. Rxd4 Rxc1+ 22. Bxc1 Qxa2 23. Rd7 Bd5 24. Nd4 Rc8 25. 
Qc2 Bc4 26. Nc6 g6 27. Ne7+ Kg7 28. Qd2 Rf8 29. Qh6+ 1-0